000 00322nam a22001217a 4500
082 _a347.995491
100 _aSingh, Ajaib
245 _aArt of Advocacy as Practised in India /
_cAjaib Singh
260 _aNew Delhi :
_bAPH Publishing Corporation,
_c1996.
300 _a167 p.
563 _aHB.
942 _2ddc
_cBK
999 _c613697
_d613697